Dicionário essencial francês-português, português-francês (Registo nº 23)

Detalhes MARC
000 -Etiqueta do registo
Cabeçalho 00874cam a22003253 4500
005 - Identificador da versão
Campo de controlo 20240813121752.0
095 ## -
-- PTBN00834676
010 ## - Número internacional normalizado dos livros (ISBN)
Número (ISBN) 9720052511
021 ## - Número do Depósito Legal
Código do país PT
Número 100787/96
035 ## - Other System Control Numbers
System Control Number 0000023
System Control Number 0000023
System Control Number 0000023
System Control Number 0000023
100 ## - Dados gerais de processamento
Dados gerais de processamento 19961011d1996 m y0pory5003 ba
102 ## - Pais de publicação ou produção
País de publicação Portugal
101 0# - Língua de publicação
Língua do texto, banda sonora, etc. Português
-- Francês
106 ## - Campo de dados codificados: material textual
Dados codificados do material textual r
105 ## - Campo de dados codificados: livros
Dados codificados dos livros y e 000yy
215 ## - Descrição física 
Indicação específica da natureza do documento e extensão da espécie 666, [6] p. a 2 colns.
Dimensões 15 cm
200 1# - Titulo e menção de responsabilidade
Título próprio Dicionário essencial francês-português, português-francês
Primeira menção de responsabilidade [ed. lit.] Porto Editora
210 ## - Publicação, Distribuição, etc. 
Lugar da edição, distribuição, etc. Porto
Nome do editor, distribuidor, etc. Porto Editora
Data da publicação, distribuição, etc. imp. 1996
675 ## - Classificação Decimal Universal (CDU)
Notação 811.134.3(038)=133.1
Edição BN
Língua da edição por
Notação 811.133.1(038)=134.3
Edição BN
Língua da edição por
712 02 - Nome de colectividade-autor (responsabilidade secundária)
Número de registo de entrada de autoridade 0000061
Palavra de ordem Porto Editora
Código de função Editor literário / Coordenador
966 ## - Identificação da Biblioteca
Sigla NUMETECA
942 ## - Elementos de entrada adicionados (Koha)
Tipo de item no Koha Livro
Exemplares
Situação do levantamento Origin of item (home branch) (coded) Biblioteca de empréstimo Código de barras Cota Circulation type (not for loan) Tipo de documento Nota do exemplar Damaged status
  Biblioteca Escolar Eng. Nuno Mergulhão Biblioteca Escolar Eng. Nuno Mergulhão BENM322 811   Cativo Sem mensagem  
  Biblioteca Escolar Eng. Nuno Mergulhão Biblioteca Escolar Eng. Nuno Mergulhão BENM323 0DIC   Cativo Sem mensagem  
  Biblioteca Escolar Eng. Nuno Mergulhão Biblioteca Escolar Eng. Nuno Mergulhão BENM324 811   Cativo Sem mensagem  
  Biblioteca Escolar Eng. Nuno Mergulhão Biblioteca Escolar Eng. Nuno Mergulhão BENM325 811   Cativo Sem mensagem  
  Biblioteca Escolar Eng. Nuno Mergulhão Biblioteca Escolar Eng. Nuno Mergulhão BENM326 811   Cativo Sem mensagem